A LOGICAL APPROACH TO MODERN ORGANIC CHEMISTRY (Record no. 9259)

MARC details
000 -LEADER
fixed length control field 00564nam a22001697a 4500
003 - CONTROL NUMBER IDENTIFIER
control field SGT
020 ## - INTERNATIONAL STANDARD BOOK NUMBER
International Standard Book Number 9789351401513
082 ## - DEWEY DECIMAL CLASSIFICATION NUMBER
Classification number 547,SIN
100 ## - MAIN ENTRY--PERSONAL NAME
Personal name SINGH,JAGDAMBA
245 ## - TITLE STATEMENT
Title A LOGICAL APPROACH TO MODERN ORGANIC CHEMISTRY
250 ## - EDITION STATEMENT
Edition statement 13TH
260 ## - PUBLICATION, DISTRIBUTION, ETC. (IMPRINT)
Place of publication, distribution, etc NEW DELHI
Name of publisher, distributor, etc APAGATI
Year of Publication 2014
300 ## - PAGE DESCRIPTION
No. of Pages 1264
650 ## - SUBJECT ADDED ENTRY--TOPICAL TERM
Topical term or geographic name as entry element ORGANIC CHEMISTRY
653 ## - KEYWORDS--INDEX TERM
Keyword term CLASSIFICATION AND NOMENCLATURE OF ORGANIC COMPOUNDS,ISOMERISM,GENERAL ORGANIC CHEMISTRY,HYDROCARBONS,CARBONYL COMPOUNDS,CARBOXYLIC ACIDS AND THEIR DERIVES,CYANIDES AND AND ISOCYANIDES
942 ## - ADDED ENTRY ELEMENTS (KOHA)
Source of classification or shelving scheme Dewey Decimal Classification
Koha item type FPS Books
942 ## - ADDED ENTRY ELEMENTS (KOHA)
-- 1
Holdings
Withdrawn status Lost status Source of classification or shelving scheme Damaged status Not for loan Collection code Home library Current library Shelving location Date acquired Vendor Name Cost, normal purchase price SGTU Bill Number Total Checkouts Full call number Accession No. (Barcode) Date last seen Date last borrowed Bill Date Koha item type
    Dewey Decimal Classification     SCIENCE SGT Science & Social Sciences Library SGT Science & Social Sciences Library Text Book 27/06/2016 SPARSH BOOK 720.00 SGTU 1290 4 547,SIN PS529 20/12/2021 20/12/2021 25/11/2014 FPS Books
    Dewey Decimal Classification     SCIENCE SGT Science & Social Sciences Library SGT Science & Social Sciences Library Text Book 27/06/2016 SPARSH BOOK 720.00 SGTU 1290 2 547,SIN PS530 11/09/2017 08/09/2017 25/11/2014 FPS Books
    Dewey Decimal Classification     SCIENCE SGT Science & Social Sciences Library SGT Science & Social Sciences Library Text Book 27/06/2016 SPARSH BOOK 720.00 SGTU 1290 3 547,SIN PS531 30/10/2018 15/10/2018 25/11/2014 FPS Books